000 00913nam a2200289 i 4500
001 137026
003 ES-MaACL
005 20240308062949.0
007 t|
008 070214s1973 sp |||| | spa d
017 _aM 23880-1973
_bOficina Depósito Legal Madrid
020 _a8470712780
040 _cES-MaACL
080 _a236.8:22.017
100 1 _aSalas, Antonio,
_9235482
_d1937-
_eaut
245 1 3 _aLa Biblia ante el "más allá" :
_b¿inmortalidad o resurrección? /
_cAntonio Salas, O.S.A.
260 _aMadrid :
_bFax,
_c1973.
300 _a261 páginas ;
_c19 cm.
490 1 _aActualidad bíblica. Brevior ;
_v3
650 4 _aResurrección
_916881
650 4 _aInmortalidad
_913785
830 0 _aActualidad bíblica. Brevior ;
_v3
_9220054
852 _aES-MaACL
_cDEPO2
_jC-54389
942 _cMONOGRAFIA
_n0
999 _c137026
_d137026